Cashewnut production and market in kampong thom probvince, ផលិតកម្ម និងទីផ្សារស្វាយចន្ទីនៅខេត្តកំពង់ធំ (Record no. 7694)
[ view plain ]
| 000 -LEADER | |
|---|---|
| fixed length control field | 00539nam a22001457a 4500 |
| 003 - CONTROL NUMBER IDENTIFIER | |
| control field | OSt |
| 005 - DATE AND TIME OF LATEST TRANSACTION | |
| control field | 20160322081745.0 |
| 008 - FIXED-LENGTH DATA ELEMENTS--GENERAL INFORMATION | |
| fixed length control field | 160322b xxu||||| |||| 00| 0 eng d |
| 040 ## - CATALOGING SOURCE | |
| Transcribing agency | RUA |
| 082 ## - DEWEY DECIMAL CLASSIFICATION NUMBER | |
| Classification number | AGR LON 2000 B470 Or.1 |
| 100 ## - MAIN ENTRY--PERSONAL NAME | |
| 9 (RLIN) | 8089 |
| Personal name | LONG PISETH; ឡុង ពិសិដ្ឋ |
| 245 ## - TITLE STATEMENT | |
| Title | Cashewnut production and market in kampong thom probvince, ផលិតកម្ម និងទីផ្សារស្វាយចន្ទីនៅខេត្តកំពង់ធំ |
| 300 ## - PHYSICAL DESCRIPTION | |
| Extent | 43p. |
| Other physical details | ill. |
| Dimensions | 29cm. |
| 942 ## - ADDED ENTRY ELEMENTS (KOHA) | |
| Source of classification or shelving scheme | |
| Koha item type | AGR |
| Price effective from | Date last seen | Permanent Location | Not for loan | Date acquired | Source of classification or shelving scheme | Koha item type | Barcode | Lost status | Damaged status | Shelving location | Withdrawn status | Current Location | Full call number |
|---|---|---|---|---|---|---|---|---|---|---|---|---|---|
| 2016-03-22 | 2016-03-22 | Library Block B | 2016-03-22 | AGR | RUA057741 | B470 | Library Block B | AGR LON 2000 B470 Or.1 |